Govt. of
Madhya Pradesh

The Consumer Protection Act 2019 (Record no. 68244)

MARC details
000 -LEADER
fixed length control field 00254nam a22001097a 4500
082 ## - DEWEY DECIMAL CLASSIFICATION NUMBER
Classification number 340
100 ## - MAIN ENTRY--AUTHOR NAME
Personal name Garg,Sandeep
245 ## - TITLE STATEMENT
Title The Consumer Protection Act 2019
260 ## - PUBLICATION, DISTRIBUTION, ETC. (IMPRINT)
Place of publication Delhi
Name of publisher Commercial Law Publishers
Year of publication 2025
650 ## - SUBJECT ADDED ENTRY--TOPICAL TERM
Topical Term LAW
942 ## - ADDED ENTRY ELEMENTS (KOHA)
Koha item type Competitive Books
Holdings
Withdrawn status Lost status Damaged status Not for loan Home library Current library Date acquired Cost, normal purchase price Full call number Accession Number Price effective from Koha item type
        MACL MACL 10/10/2025 60.00 340 DPI003892 10/10/2025 Competitive Books